La caridad en Madrid (Record no. 141703)

MARC details
000 -LEADER
campo de control de longitud fija 00716nam a2200193 i 4500
001 - NÚMERO DE CONTROL
campo de control 141703
003 - IDENTIFICADOR DE NÚMERO DE CONTROL
campo de control ES-MaACL
005 - FECHA Y HORA DE LA ÚLTIMA TRANSACCIÓN
campo de control 20230906200341.0
007 - CAMPO FIJO DE DESCRIPCIÓN FÍSICA--INFORMACIÓN GENERAL
campo de control de longitud fija t|
008 - DATOS DE LONGITUD FIJA--INFORMACIÓN GENERAL
campo de control de longitud fija 070927s1906 sp |||| | spa d
080 ## - NÚMERO DE LA CLASIFICACIÓN DECIMAL UNIVERSAL
Número de la Clasificación Decimal Universal 364.46(460.27)(036)
100 1# - ENTRADA PRINCIPAL--NOMBRE DE PERSONA
Nombre de persona Vincenti, Eduardo.
9 (RLIN) 115314
245 13 - MENCIÓN DEL TÍTULO
Título La caridad en Madrid
Resto del título : guía de los establecimientos benéficos oficiales y privados /
Mención de responsabilidad, etc. recopilación que para conocimiento general de todas las clases sociales publica Eduardo Vincenti.
260 ## - PUBLICACIÓN, DISTRIBUCIÓN, ETC.
Lugar de publicación, distribución, etc. Madrid :
Nombre del editor, distribuidor, etc. [s.n.],
Fecha de publicación, distribución, etc. 1906 (
Fabricante Imp. de los Hijos de M.G. Fernández)
300 ## - DESCRIPCIÓN FÍSICA
Extensión 121 p., 2 h. ;
Dimensiones 23 cm.
650 14 - PUNTO DE ACCESO ADICIONAL DE MATERIA--TÉRMINO DE MATERIA
Término de materia o nombre geográfico como elemento de entrada Beneficencia-
Subdivisión geográfica Madrid.
9 (RLIN) 150492
852 ## - LOCALIZACIÓN
Ubicación ES-MaACL
Número de control de estantería E-13094
852 ## - LOCALIZACIÓN
Ubicación ES-MaACL
Número de control de estantería B-1674
Holdings
Estatus retirado Estado de pérdida Estado de daño No para préstamo Biblioteca de origen Biblioteca actual Ubicación en estantería Fecha de adquisición Fuente de adquisición Total de préstamos Signatura topográfica completa Código de barras Visto por última vez Precio de reemplazo Tipo de ítem Koha
        Biblioteca del Ateneo de Madrid Biblioteca del Ateneo de Madrid Sala Pardo Bazán 17/01/2008     B-1674 1147445 23/02/2023 23/02/2023 Libro impreso
        Biblioteca del Ateneo de Madrid Biblioteca del Ateneo de Madrid Depósito 2 17/01/2008     E-13094 1147444 23/02/2023 23/02/2023 Libro impreso